Smell and Taste!

Bibliographic Details
Main Author: Thompson, Ruth
Format: Book
Published: London : Watts Books , 1983
Subjects:

MARC

LEADER 00000cam a2200000 7i4500
001 0000006948
002 000007483
005 20000330.0
020 |a 0749616741 
090 0 0 |a J745   |b THO 
100 1 |a Thompson, Ruth 
245 1 0 |a Smell and Taste! 
260 |a London :   |b Watts Books ,   |c 1983 
650 0 0 |a Juvenile literature 
999 |a 052509   |b BUKU   |c PINJAMAN   |e PERPUSTAKAAN KOMUNITI PETALING JAYA